| 000 | 00476nam a2200181Ia 4500 | ||
|---|---|---|---|
| 003 | GCL | ||
| 008 | 140319s9999 xx 000 0 eng d | ||
| 040 |
_aGCL / _cGCL |
||
| 082 | 0 | 4 |
_a621.48 _bR B |
| 100 | 1 | _aRAM, K. SRI | |
| 245 | 1 | 0 |
_aBASIC NUCLEAR ENGINEERING / _cRAM, K. SRI |
| 260 |
_a[S.N] : _bWILEY EASTERN LIMITED ، _c1990 |
||
| 300 | _a293\P | ||
| 650 | 0 | 4 | _aالتحليل الرياضى |
| 650 | 0 | 4 | _aPHYSICS |
| 650 | 0 | 4 | _aNUCLEAR ENGINEERING |
| 942 |
_2ddc _cBK |
||
| 999 |
_c20193 _d20193 |
||